Belgique - La Brabançonne - Statistiques

Statistiques générales
  • Ce quiz a été pris 118 fois
  • Le résultat moyen est 39 sur 45
Statistiques - réponses
Réponse % Correct
Belgique
98%
À
96%
à
96%
À
96%
Ô
95%
ô
95%
ô
95%
le
93%
Le
93%
toi
93%
toi
93%
toi
93%
la
92%
la
92%
Liberté
92%
mère
92%
nos
92%
nos
92%
chérie
90%
Loi
90%
Patrie
90%
Roi
90%
bras
88%
notre
88%
tu
87%
Tu
87%
cœurs
85%
et
85%
Et
85%
vivras
85%
vivras
85%
belle
82%
toujours
82%
pour
81%
devise
79%
grande
79%
immortelle
79%
ton
79%
tous
77%
unité
77%
sang
76%
Aura
75%
Nous
74%
jurons
71%
invincible
70%
Aucun quiz correspondant
Distribution des résultats
% des personnes avec chaque résultat
Percentile par nombre de réponses
Votre historique - résultats
Vous n’avez pas pris ce quiz